000 00788 a2200217 4500
001 47061
005 20260407155739.0
008 260407a1999 arg spa d
003 AR-UNSa-BCEJYS
040 _aAR-UNSa-BCEJYS
_bspa
_cAR-UNSa-BCEJYS
080 _a330.101
_xCiencia económica en general. La economía y sus problemas. Objeto y métodos de la economía política
245 1 0 _aEl teórico accidental
_potras noticias de la ciencia lúgubre
020 _a84-7423-952-4
264 1 _aBarcelona :
_bCrítica
_c1999
300 _a194 p.
_c23 cm.
942 _cBK
590 _aniveau_biblio:m niveau_hierar:0
100 1 _aPascual, Jordi
700 1 _aKrugman, Paul R.
856 4 1 _uhttps://www.biblioeco.unsa.edu.ar/pmb/images/libros/L127382.jpg
_yImagen de portada
_qimage/jpeg
999 _c4278
_d4278